00977nam a2200229 i 4500001000700000003000900007005001700016007000300033008004100036100002200077245009400099250026500193260003300458300004800491650004600539700003500585700002300620700002200643700001900665700002500684852003800709113777ES-MaACL20250405234350.0t|061121s1908 fr r ||||1| fre d1 aPaasch, Heinrich.10aDictionnaire de marine b: anglais-français-allemand-espagnol-italien / cCapt. Paasch. a4e éd. revisée et completée pour les parties anglaise et française par... Pièrre Challamel, pour la langue allemande par... F.E. Matthiesen &... August Budde... traduction espagnole par... P. Montojo... traduction italienne par Giusseppe Romairone... aParis : bChallamel, c1908. a603, 109, CLXXXV p. : bil ; c23 cm apais. 4aNavegación-vDiccionarios políglotas.1 aMontojo, Patricio, d1839-19171 aChallamel, Pierre.1 aMatthiesen, F.-E.1 aBudde, August.1 aRomairone, Giuseppe.4 aES-MaACLjG-6083 z- Enc. edit.